Costa Rica: una política agraria innovadora /
Gorde:
| Egile nagusia: | |
|---|---|
| Beste egile batzuk: | , |
| Formatua: | Texto |
| Hizkuntza: | Spanish |
| Gaiak: | |
| Etiketak: |
Etiketa erantsi
Etiketarik gabe, Izan zaitez lehena erregistro honi etiketa jartzen!
|
MARC
| LEADER | 00000 a a2200000 04500 | ||
|---|---|---|---|
| 003 | cru CRAI/IIS | ||
| 005 | 20210506114304.0 | ||
| 008 | 210506b |||||||| |||| 00| 0 spa d | ||
| 040 | |c cru CRAI/IIS | ||
| 100 | 1 | |a Salazar Navarrete, José Manuel |9 7543 |e Autor | |
| 245 | 1 | |a Costa Rica: |b una política agraria innovadora / |c José Manuel Salazar Navarrete, Ennio Rodríguez C, José ML Salazar X | |
| 300 | |a páginas 46-110 | ||
| 500 | |a Colección Centroamérica | ||
| 650 | |a POLITICA AGRARIA | ||
| 650 | 0 | |a SECTOR AGROPECUARIO |9 2378 | |
| 650 | 0 | |a INDICADORES ECONOMICOS |9 3384 | |
| 651 | 0 | |9 32 |a COSTA RICA | |
| 700 | 1 | |a Rodríguez Céspedes, Ennio |9 7545 |e Autor | |
| 700 | 1 | |a Salazar Xirinachs, José Manuel |9 9754 |e Autor | |
| 773 | 0 | |0 18875 |9 5398 |a Universidad de Costa Rica. |d San José, Costa Rica: Universidad de Costa Rica. Consejo Superior Universitario Centroamericano, 1972- |o 13214 |t Estudios Sociales Centroamericanos / |x 03039676 | |
| 942 | |2 ddc |c PP | ||
| 999 | |c 43661 |d 43661 | ||
